000 00597nam a22002293a 4500
005 20250919063956.0
008 010531s1991 ve r 000 0 spa d
020 _a9800105042
035 _aUPN01000116256
049 _aCG
050 4 _aPN81
_bF9.38 1991
100 1 _aFrye, Northrop
245 1 0 _aAnatomía de la crítica /
_cNorthrop Frye ; tr. Edison Simons.
250 _a2a ed.
260 _aCaracas :
_bMonte Avila,
_c1991.
300 _a497 p.
440 0 _aEstudios
650 2 _aCrítica
_911562
650 4 _aLiteratura
_95741
650 4 _aHISTORIA Y CRITICA
905 _aLibro
999 _c89007
_d89007